Coaches of the Collingwood Magpies - Statistics

General Stats
  • This quiz has been taken 37 times
    19 since last reset
  • The average score is 10 of 20
Answer Stats
Years Coach % Correct
2012-2021 Nathan Buckley
100%
2022- Craig McRae
94%
2000-2011 Mick Malthouse
94%
1986-1995 Leigh Matthews
82%
2021 Robert Harvey
82%
1996-1999 Tony Shaw
76%
1912-1949 Jock McHale
71%
1964-1986 Bob Rose
53%
1974 Ron Richards
47%
1977-1982 Tom Hafey
41%
1930 Bob Rush
35%
1975-1976 Murray Weideman
35%
1950-1963 Phonse Kyne
35%
1983-1984 John Cahill
29%
1982 Mick Erwin
24%
1960-1974 Neil Mann
24%
1904-1908 Billy Strickland
18%
1905-1906 Dick Condon
18%
1909-1911 George Angus
18%
1907-1908 Ted Rowell
18%
No matching quizzes found
Score Distribution
Percent of People with Each Score
Percentile by Number Answered
Your Score History
You have not taken this quiz since the last reset